zpět

Detail výsledku týmu

Kyjovský pivovar, Kyjov

Datum a čas kvízu

27.5 Celkem bodů Celkový počet nahraných bodů na tomto kvízu bez doplňovacích otázek.
6. Pořadí na kvízu Konečné umístění týmu na tomto kvízu.

Zaznamenané odpovědi

# Otázka Odpověď Body Výsledky
1. Ve středu utekla jednomu chova... o pumě 1
2. V Pekingu byla minulý týden v... Labubu 0
3. Českou a slovenskou veřejnost... Emma Smetana 1
4. Mediální skupina Mafra ve čtvr... Ticketportal 1
5. Ve které zemi byl v úterý zahá... na Slovensku 0
6. Toto téma začneme prostě, a to... Chiméra 0
7. Termínem Jókai (Yōkai) se ozna... A 0
8. V roce 2009 byl Rodinným autem... Škoda Yeti 1
9. V této otázce bude vaším úkole... 1B 2A 3D 4C 0
10. Na závěr jedno české mytologic... Blaník 0